|
|
|
|
| LEADER |
00000caa a2200000 c 4500 |
| 001 |
1151560308 |
| 003 |
DE-627 |
| 005 |
20260123081959.0 |
| 007 |
tu |
| 008 |
991109s1999 xx ||||| 00| ||ger c |
| 020 |
|
|
|a 3789060607
|
| 035 |
|
|
|a (DE-627)1151560308
|
| 035 |
|
|
|a (DE-576)081560303
|
| 035 |
|
|
|a (DE-599)BSZ081560303
|
| 040 |
|
|
|a DE-627
|b ger
|c DE-627
|e rakwb
|
| 041 |
|
|
|a ger
|
| 100 |
1 |
|
|a Schubarth, Martin
|d 1942-
|e VerfasserIn
|0 (DE-588)107867265
|0 (DE-627)638441242
|0 (DE-576)162979363
|4 aut
|
| 109 |
|
|
|a Schubarth, Martin 1942-
|a Schubarth, M. 1942-
|a Schubarth-Retschmedin, Martin 1942-
|
| 245 |
1 |
0 |
|a Humanbiologie und Strafrecht
|b zur Rationalität des Inzestverbotes im Lichte der Verhaltensforschung
|c Martin Schubarth
|
| 264 |
|
1 |
|c [1999]
|
| 336 |
|
|
|a Text
|b txt
|2 rdacontent
|
| 337 |
|
|
|a ohne Hilfsmittel zu benutzen
|b n
|2 rdamedia
|
| 338 |
|
|
|a Band
|b nc
|2 rdacarrier
|
| 689 |
0 |
0 |
|d g
|0 (DE-588)4053881-3
|0 (DE-627)104584904
|0 (DE-576)20910614X
|a Schweiz
|2 gnd
|
| 689 |
0 |
1 |
|d s
|0 (DE-588)4160775-2
|0 (DE-627)104755482
|0 (DE-576)209860421
|a Humanbiologie
|2 gnd
|
| 689 |
0 |
2 |
|d s
|0 (DE-588)4057795-8
|0 (DE-627)106149458
|0 (DE-576)209123737
|a Strafrecht
|2 gnd
|
| 689 |
0 |
|
|5 (DE-627)
|
| 689 |
1 |
0 |
|d s
|0 (DE-588)4062862-0
|0 (DE-627)106129937
|0 (DE-576)209146389
|a Verhaltensforschung
|2 gnd
|
| 689 |
1 |
1 |
|d s
|0 (DE-588)4124949-5
|0 (DE-627)105743828
|0 (DE-576)209572442
|a Inzest
|2 gnd
|
| 689 |
1 |
2 |
|d s
|0 (DE-588)4134842-4
|0 (DE-627)105669571
|0 (DE-576)209655682
|a Strafrechtswissenschaft
|2 gnd
|
| 689 |
1 |
|
|5 (DE-627)
|
| 773 |
0 |
8 |
|i Enthalten in
|t Festschrift für Gerald Grünwald zum siebzigsten Geburtstag
|b 1. Auflage
|d Baden-Baden : Nomos Verlagsgesellschaft, 1999
|g (1999), Seite 641 - 656
|h 847 Seiten
|w (DE-627)302009450
|w (DE-576)080078532
|z 3789060607
|7 nnam
|
| 773 |
1 |
8 |
|g year:1999
|g pages:641 - 656
|
| 889 |
|
|
|w (DE-627)528830759
|
| 935 |
|
|
|a mkri
|
| 935 |
|
|
|i mdedup
|
| 951 |
|
|
|a AR
|
| ELC |
|
|
|b 1
|
| LOK |
|
|
|0 000 xxxxxcx a22 zn 4500
|
| LOK |
|
|
|0 001 2899399136
|
| LOK |
|
|
|0 003 DE-627
|
| LOK |
|
|
|0 004 1151560308
|
| LOK |
|
|
|0 005 20260210133307
|
| LOK |
|
|
|0 008 160208||||||||||||||||ger|||||||
|
| LOK |
|
|
|0 040
|a DE-21-110
|c DE-627
|d DE-21-110
|
| LOK |
|
|
|0 689
|a s
|a Inzestverbot
|
| LOK |
|
|
|0 689
|a s
|a Verhaltensforschung
|
| LOK |
|
|
|0 689
|a s
|a Humanbiologie
|
| LOK |
|
|
|0 689
|a s
|a Strafrecht
|
| LOK |
|
|
|0 852
|a DE-21-110
|
| LOK |
|
|
|0 852 1
|m p
|9 00
|
| LOK |
|
|
|0 935
|a k110
|
| LOK |
|
|
|0 938
|k p
|
| LOK |
|
|
|0 939
|a 08-02-16
|b l01
|
| ORI |
|
|
|a WA-MARC-krimdoka001.raw
|